10+ Denmark Caps Since 2000 - Statistics

General Stats
  • This quiz has been taken 80 times
  • The average score is 36 of 93
Answer Stats
Debut Last Most Apps For Pos Player Cps Gls % Correct
2013 Leicester City GK Kasper Schmeichel 102
100%
1987 2001 Manchester United GK Peter Schmeichel 11 1
100%
2010 Tottenham Hotspur AM Christian Eriksen 131 42
98%
2009 Milan CB Simon Kjær 132 5
98%
2008 2009 Odense CB Anders Møller Christensen 11
96%
2015 Chelsea CB Andreas Christensen 70 2
96%
2021 RB Salzburg RB Rasmus Kristensen 21
96%
2001 2012 Schalke DM Christian Poulsen 92 6
93%
2007 2015 AZ Alkmaar LB Simon Poulsen 34
93%
2013 RB Leipzig ST Yussuf Poulsen 79 13
93%
2009 2015 Midtjylland CM Jakob Poulsen 38 3
91%
2006 2018 Arsenal ST Nicklas Bendtner 81 30
88%
2014 Tottenham Hotspur CM Pierre-Emile Højbjerg 78 10
88%
2022 Manchester United ST Rasmus Højlund 15 7
86%
2005 2016 Liverpool CB Daniel Agger 75 12
75%
2020 Club Brugge RW Andreas Skov Olsen 30 8
71%
2000 2007 Charlton Athletic AM Claus Jensen 47 8
70%
2002 2010 Werder Bremen CM Daniel Jensen 52 3
70%
2020 Brentford CM Mathias Jensen 30 1
70%
1998 2008 København LB Niclas Jensen 61
70%
2020 Brentford DM Christian Nørgaard 26 1
64%
2019 Crystal Palace CB Joachim Andersen 33
64%
2004 2015 Brøndby GK Stephan Andersen 29
64%
2020 Genk RB Joakim Mæhle 46 11
63%
2020 Nordsjælland LW Mikkel Damsgaard 27 4
59%
2019 Hoffenheim RW Robert Skov 14 7
59%
2013 København CM Thomas Delaney 79 8
59%
1997 2010 Feyenoord ST Jon Dahl Tomasson 97 46
57%
2013 Toulouse ST Martin Braithwaite 69 10
55%
2016 Udinese RB Jens Stryger Larsen 54 3
54%
2005 2010 Schalke ST Søren Larsen 20 11
54%
2013 Borussia Mönchengladbach CB Jannik Vestergaard 43 3
52%
2016 Ajax ST Kasper Dolberg 48 11
50%
1998 2004 Schalke ST Ebbe Sand 45 17
45%
2011 2022 Brøndby CM Daniel Wass 44 1
41%
2020 København ST Jonas Wind 28 8
41%
2009 2021 Ajax DM Lasse Schöne 51 3
41%
1998 2011 Udinese CM Martin Jørgensen 80 9
41%
2008 København CB Mathias Jørgensen 36 2
41%
2011 2019 Feyenoord ST Nicolai Jørgensen 39 9
41%
2012 København ST Andreas Cornelius 44 9
39%
2020 Eintracht Frankfurt AM Jesper Lindstrøm 16 1
36%
1999 2012 Aston Villa GK Thomas Sørensen 100
36%
2003 2007 Brøndby CM Jan Kristiansen 12
34%
2002 2010 København GK Jesper Christiansen 15
34%
2012 2018 København LW Viktor Fischer 21 3
34%
2020 Benfica RB Alexander Bah 12 1
29%
2000 2013 PSV RW Dennis Rommedahl 126 21
29%
2015 2020 Midtjylland LW Pione Sisto 26 1
29%
1998 2006 Everton DM Thomas Gravesen 61 5
29%
2007 2018 København DM William Kvist 84 2
29%
1990 2002 Fenerbahçe LM Brian Steen Nielsen 19 1
27%
1995 2002 Watford CM Allan Nielsen 12
25%
2000 2008 Aston Villa CB Martin Laursen 53 2
25%
2016 Brøndby GK Frederik Rønnow 10
23%
2016 2020 Aalborg RB Henrik Dalsgaard 26 1
23%
1999 2010 København LW Jesper Grønkjær 74 5
23%
2002 2006 Brøndby CB Per Nielsen 11
23%
2020 Galatasaray CB Victor Nelsson 12
23%
2007 2014 Hannover DM Leon Andreasen 20 3
21%
1994 2007 Odense RM Thomas Helveg 60
16%
2006 2018 Brøndby LM Michael Krohn-Dehli 62 6
14%
1993 2002 Aarhus DM Stig Tøfting 25
14%
2006 2015 København RB Lars Jacobsen 87 2
13%
2008 2016 Aarhus ST Morten Rasmussen 15 5
13%
2004 2010 Fiorentina CB Per Krøldrup 33
13%
2002 2010 Rangers ST Peter Løvenkrands 22 1
13%
1998 2004 Panathinaikos CB René Henriksen 52
13%
2015 2018 Brøndby LB Riza Durmisi 23
13%
2003 2015 Auxerre AM Thomas Kahlenberg 47 5
13%
2010 2018 Lyngby CB Andreas Bjelland 29 2
11%
1987 2002 PSV LB Jan Heintze 27 2
11%
2021 København LW Mohamed Daramy 10 1
11%
2011 København LB Nicolai Boilesen 22 1
11%
2002 2008 PSV RB Kasper Bøgelund 17
9%
2003 2008 AZ Alkmaar AM Kenneth Pérez 24 2
9%
2010 2013 Groningen ST Nicklas Pedersen 13 1
9%
2013 København RB Peter Ankersen 27 1
9%
2003 2007 Club Brugge RB Brian Priske 24
7%
2014 2017 Brentford ST Lasse Vibe 11 1
7%
2017 2019 København CM Lukas Lerager 10 1
7%
2001 2005 Brøndby ST Peter Madsen 13 3
7%
2006 2009 Silkeborg CM Jesper Bech 11 4
5%
2008 2013 Esbjerg DM Niki Zimling 27 1
5%
2005 2014 Aalborg DM Rasmus Würtz 18
5%
2000 2003 Panathinaikos RM Jan Michaelsen 19 1
4%
2005 2007 København CB Michael Gravgaard 24 5
4%
2002 2012 København RM Michael Silberbauer 29 2
4%
1994 2004 Lyngby DM Morten Wieghorst 13
4%
2004 2008 Brøndby CM Martin Retov 10
2%
2007 2009 København ST Morten Nordstrand 11 4
2%
2006 2013 Nordsjælland CM Nicolai Stokholm 12
2%
2009 2011 Aalborg SS Thomas Enevoldsen 11 1
2%
No matching quizzes found
Score Distribution
Percent of People with Each Score
Percentile by Number Answered
Your Score History
You have not taken this quiz